1571 1456 1955 1280 1331 1420 1777 1923 1914 1565 1838 1685 1500 1187 1657 1513 1136 1589 1787 1474 1892 1320 1106 1136 1343 1538 1348 1396 1903 1022 1327 1789 1505 1555 1246 1411 1922 1807 1974 1048 1645 1498 1810 1842 1479 1273 1401 1270 1439 1198 1853 1824 1341 1804 1574 1632 1439 1211 1025 1963 1918 1311 1297 1224 1406 1421 1032 1033 1875 1688 1689 1667 1449 1378 1932 1979 1576 1167 1871 1609 1815 1536 1275 1220 1406 1599 1226 1223 1144 1150 1942 1924 1418 1391 1482 1567 1030 1143 1672 BCNSPRNW ULIB Ver.6.0+V

เปลี่ยนเป็นภาษาไทย

Change to English
 แสดงรายละเอียดบรรณานุกรม
  กลับหน้าหลัก

Brief Record : Get Marc (ISO 2709) : E-mail record : QR code < ปิดหน้าต่าง
LEADER : 00000nam 2200000uu 4500
001    13399123889
003     ULIB
008    020711s2555 th a 000 0 tha d
020    9786162791581 ล.2
060  4 WJ168^bส267ต ล.2
100    สมพล เพิ่มพงศ์โกศล
245    ตำราการผ่าตัดแบบมีความรุนแรงน้อยในศัลยศาสตร์ระบบปัสสาวะ เล่ม 2 =^bTEXTBOOK OF MINIMALLY INVASIVE UROLOGIC SURGERY/^cบรรณาธิการ ; สมพล เพิ่มพงศ์โกศล
250    พิมพ์ครั้งที่ 1
260    กรุงเทพฯ :^bคณะแพทยศาสตร์โรงพยาบาลรามาธิบดี. มหาวิทยาลัยมหิดล.,^c2555
300    444 หน้า:^bภาพประกอบ.;^c27.5 ซม.
650    ทางเดินปัสสาวะ
650    ทางเดินปัสสาวะ^xศัลยกรรม
650    ศัลยศาสตร์
710    มหาวิทยาลัยมหิดล.^bคณะแพทยศาสตร์โรงพยาบาลรามาธิบดี.
945    ^p2000^l0^i22540
999    ^aทศพร เกษรทอง
รายการนี้ยังไม่มีแท็ก
คุณยังไม่ได้ล็อกอิน คุณสามารถมีกิจกรรมร่วมกับเว็บไซต์ได้ แต่ต้องล็อกอินก่อน ::
  ล็อกอิน

รายการสื่อสารสนเทศ

ลำดับที่ ประเภท เลขเรียก/บาร์โค้ด สถานที่ สถานะ
1. วิทยาศาสตร์การแพทย์ และสุขภาพ
วิทยาศาสตร์การแพทย์ และสุขภาพ
สถานะ=หนังสือเก่า
WJ168 ส267ต ล.2 ฉ.1 
  Barcode: 22540
ห้องสมุดวิทยาเขตนครสวรรค์
►ส่วนจัดเก็บหนังสือเก่า นว.
บนชั้น
  ขอยืม

รายการใกล้เคียง
    ผู้แต่ง [สมพล เพิ่มพงศ์โกศล]

    หัวเรื่อง [ทางเดินปัสสาวะ]
    หัวเรื่อง [ศัลยศาสตร์]

BibComment


ยังไม่เคยถูกคอมเมนท์

คอมเมนท์ทรัพยากรรายการนี้
  คอมเมนท์: ตำราการผ่าตัดแบบม..


 Copyright 2026. Bcnsprnw @Library